Kouzelná maminka /

Hlavní autor: Christenberry, Judy
Další autoři: Květina, Květoslav
Jazyk: Čeština
Vydáno: Praha : Harlequin, 2001
Edice: Romance (Harlequin)
Tři sestry
Témata:
Externí odkaz: Digitalizovaný dokument
Fyzický popis: 160 s. ; 17 cm
Knihy
Uloženo v:
LEADER 01303nam a2200373 a 4500
001 000567366
003 CZ BrMZK
005 20110919115657.0
007 ta
008 010907s2001 xr g 000 f cze d
015 |a cnb001022942 
020 |a 80-241-0571-3 
035 |a (OCoLC)50342475 
040 |a BOA001  |b cze 
041 1 |a cze  |h eng 
072 7 |a 821-31/-34  |x Milostná, dobrodružná, fantastická próza  |2 Konspekt  |9 25 
080 |a 821-312.5  |2 MRF 
080 |a (0:82-312.5)  |2 MRF 
100 1 |a Christenberry, Judy  |7 xx0003529  |4 aut 
245 1 0 |a Kouzelná maminka /  |c Judy Christenberryová ; [překlad Květoslav Květina] 
260 |a Praha :  |b Harlequin,  |c 2001 
300 |a 160 s. ;  |c 17 cm 
490 1 |a Romance ;  |v 429 (C 6/01) 
490 1 |a Tři sestry 
500 |a Přeloženo z angličtiny 
655 7 |a milostné romány  |7 fd132840  |2 czenas 
700 1 |a Květina, Květoslav  |7 xx0073239  |4 trl 
765 0 |t Baby in her arms  |9 Česky 
830 0 |a Romance (Harlequin)  |0 s 
830 0 |a Tři sestry 
856 4 1 |u http://www.digitalniknihovna.cz/mzk/uuid/uuid:032ab850-7106-11e2-b9fa-005056827e52  |y Digitalizovaný dokument  |x NDK 
910 |a BOA001  |b 1-1093.321 
990 |a BK 
996 6 |b 2610148353  |c 1-1093.321  |l MZK  |r Sklad / do 1 hodiny  |n 6  |p p.v.  |w 000567366  |u 000010  |a 1  |e BOA001  |j MZK50  |s P